Nguyên lý thống kê
সংরক্ষণ করুন:
| বিন্যাস: | গ্রন্থ |
|---|---|
| ভাষা: | Vietnamese |
| প্রকাশিত: |
H. :
Trường kỹ thuật cơ điện ,
1977
|
| সংস্করন: | In lần thứ 1 |
| বিষয়গুলি: | |
| ট্যাগগুলো: |
ট্যাগ যুক্ত করুন
কোনো ট্যাগ নেই, প্রথমজন হিসাবে ট্যাগ করুন!
|
| Thư viện lưu trữ: | Thư viện Trường CĐ Kỹ Thuật Cao Thắng |
|---|
| LEADER | 00601nam a2200193 a 4500 | ||
|---|---|---|---|
| 001 | TVCDKTCT986 | ||
| 003 | Thư viện trường Cao đẳng Kỹ thuật Cao Thắng | ||
| 005 | 20050805000000 | ||
| 008 | 050805 | ||
| 980 | \ | \ | |a Thư viện Trường CĐ Kỹ Thuật Cao Thắng |
| 024 | |a RG_1 #1 eb0 i1 | ||
| 041 | 0 | # | |a vie |
| 082 | # | # | |a 330.01 / |b NG527K |
| 245 | 0 | 0 | |a Nguyên lý thống kê |
| 250 | # | # | |a In lần thứ 1 |
| 260 | # | # | |a H. : |b Trường kỹ thuật cơ điện , |c 1977 |
| 300 | # | # | |a 141tr. ; |c 27cm |
| 650 | # | 4 | |a Kinh tế |
| 650 | # | 4 | |a Nguyên lý thống kê |